Πώς είναι δυνατόν να επιζήσης : εγκόλπιον πολιτικής αμύνης

Saved in:
Bibliographic Details
Corporate Author: Ελλάς Υπουργείον Δημοσίας Τάξεως Γενική Διεύθυνσις Πολιτικής Αμύνης
Format: Book
Language:Greek
Published: [Χ.τ.] : Υπουργείον Δημόσιας Τάξεως. Γεν. Δ/νσις Πολιτικής Αμύνης, [19--]
Subjects:
Tags: Add Tag
No Tags, Be the first to tag this record!

MARC

LEADER 00000cam a2200000 i 4500
001 1/99003
008 081209q19601970 gre d
035 |l 10102297 
040 |a GR-MY-UA  |b gre  |e aacr 
041 0 |a gre 
082 0 |a 363.35  |2 (22) 
110 1 |a Ελλάς  |b Υπουργείον Δημοσίας Τάξεως  |b Γενική Διεύθυνσις Πολιτικής Αμύνης. 
245 1 0 |a Πώς είναι δυνατόν να επιζήσης :  |b εγκόλπιον πολιτικής αμύνης /  |c Υπουργείον Δημοσίας Τάξεως. Γεν. Δ/νσις Πολιτικής Αμύνης 
246 3 3 |a Ελλάς, 21 Απριλίου 
260 |a [Χ.τ.] :   |b Υπουργείον Δημόσιας Τάξεως. Γεν. Δ/νσις Πολιτικής Αμύνης,   |c [19--] 
300 |a 47 σ.;  |b εικ.;  |c 20 εκ. 
500 |a Η καταλογογράφηση έγινε με βάση το εξώφυλλο 
650 0 0 |a Civil defence  |z Greece. 
650 0 0 |a Nuclear weapons  |x Defense measures  |z Greece. 
852 |a INST  |b RHODES  |c AKA  |e 20081209  |h  363.35 ΕΛΛ  |p 005400031532  |q 005400031532  |t BK  |y 0 
901 |a BIBL4-2008-3 
909 |a Ρ  |b 156587 
970 |a ΧΑΡΙΟΠΟΛΙΤΟΥ  |b ΚΩΝΣΤΑΝΤΙΝΑ  |z 2008/12/09